LEADER 01567nas 2200517- 450 001 996404419003316 005 20220407213023.0 035 $a(DE-599)ZDB3054972-3 035 $a(OCoLC)1117830153 035 $a(CKB)9870000000002202 035 $a(CONSER)--2021245370 035 $a(EXLCZ)999870000000002202 100 $a20190830a20179999 --- - 101 0 $acze 135 $aurunu|||||||| 181 $ctxt$2rdacontent 182 $cc$2rdamedia 183 $acr$2rdacarrier 200 00$aListy klinické logopedie 210 1$aPraha :$cAsociace klinických logoped? z.s.,$d2017- 215 $a1 online resource 300 $aRefereed/Peer-reviewed 311 $a2570-6179 531 1 $aListy klin. logop. 606 $aSpeech disorders$vPeriodicals 606 $aSpeech therapy$vPeriodicals 606 $aTroubles de la parole$vPériodiques 606 $aOrthophonie$vPériodiques 606 $aSpeech disorders$2fast$3(OCoLC)fst01129193 606 $aSpeech therapy$2fast$3(OCoLC)fst01129277 608 $aPeriodical 608 $aperiodicals.$2aat 608 $aPeriodicals.$2fast 608 $aPeriodicals.$2lcgft 608 $aPériodiques.$2rvmgf 615 0$aSpeech disorders 615 0$aSpeech therapy 615 6$aTroubles de la parole 615 6$aOrthophonie 615 7$aSpeech disorders. 615 7$aSpeech therapy. 712 02$aAsociace klinických logoped? ?eské republiky, 906 $aJOURNAL 912 $a996404419003316 996 $aListy klinické logopedie$92131796 997 $aUNISA